| 000 | 00528nam a2200193Ia 4500 | ||
|---|---|---|---|
| 003 | OSt | ||
| 005 | 20241007105340.0 | ||
| 008 | 210210b1919 xxu||||| |||| 00| 0 eng d | ||
| 040 | _cAL | ||
| 041 | _aHindi | ||
| 082 | _a863/97 | ||
| 100 |
_aSHARMA (Giridhar) Tr _dगिरिधर शर्मा _9181558 |
||
| 245 |
_aChitrangada _bचित्रांगदा |
||
| 260 |
_aAllAhAbAd _bBharati Bhandar _c1919 |
||
| 650 |
_aChitrAngada _9181559 |
||
| 690 |
_aHindi Drama _9181560 |
||
| 906 | _a023474 | ||
| 942 |
_2ddc _cBK |
||
| 999 |
_c148444 _d148444 |
||